[Event "Wch U18 rapid"]
[Site "Batumi"]
[Date "2023.06.06"]
[Round "2"]
[White "Sahakyan, Aleks"]
[Black "Karibaev, Dimash"]
[Result "1-0"]
[WhiteElo "2277"]
[BlackElo "1876"]
[PlyCount "48"]
[EventDate "2023.06.06"]
[EventType "swiss (rapid)"]
[EventRounds "11"]
[EventCountry "GEO"]
[SourceTitle "CBM 214 Extra"]
[Source "ChessBase"]
[SourceDate "2023.07.31"]
[SourceVersion "1"]
[SourceVersionDate "2023.07.31"]
[SourceQuality "1"]

1. e4 e6 2. d4 d5 3. Nd2 Be7 4. Bd3 c5 5. dxc5 Bxc5 6. Ngf3 Nf6 7. Qe2 Nc6 8. c3 0-0 9. 0-0 h6 10. Rd1 Qc7 11. h3 Rd8 12. exd5 exd5 13. Nb3 Bd6 14. Nbd4 a6 15. Be3 Nxd4 16. Bxd4 Nh5 17. Qe3 Qe7 18. Qxe7 Bxe7 19. Re1 Be6 20. Be5 Bd6 21. Nd4 Bxe5 22. Rxe5 Nf4 23. Bc2 Re8 24. Rae1 Kf8 1-0

[Event "World ol U16"]
[Site "Konya"]
[Date "2018.11.30"]
[Round "7.18"]
[White "Karibaev, Dimash"]
[Black "Jacobsen, Shanne Hedegaard"]
[Result "1-0"]
[WhiteElo "1460"]
[BlackElo "1261"]
[PlyCount "49"]
[EventDate "2018.11.25"]
[EventType "team-swiss"]
[EventRounds "9"]
[EventCountry "TUR"]
[SourceTitle "CBM 187 Extra"]
[Source "ChessBase"]
[SourceDate "2018.11.04"]
[SourceVersion "1"]
[SourceVersionDate "2018.11.04"]
[SourceQuality "1"]
[WhiteTeam "Kazakhstan Karaganda"]
[BlackTeam "Denmark"]
[WhiteTeamCountry "KAZ"]
[BlackTeamCountry "DEN"]

1. c4 e5 2. Nc3 Nc6 3. d3 Bc5 4. e4 d6 5. Be2 Nge7 6. f4 f5 7. Nf3 0-0 8. Nd5 Be6 9. Ng5 Qd7 10. Nxc7 Qxc7 11. Nxe6 Qb6 12. Nxf8 Rxf8 13. Qb3 Qc7 14. Bd2 Nd4 15. Qd1 Qc6 16. Bf3 Nxf3+ 17. Qxf3 Qd7 18. Rf1 b5 19. fxe5 dxe5 20. exf5 Rxf5 21. Qa8+ Nc8 22. Rxf5 Qxf5 23. Qd5+ Kf8 24. Qxc5+ Kf7 25. Qf2 1-0

[Event "World ol U16"]
[Site "Konya"]
[Date "2018.11.27"]
[Round "4.12"]
[White "Schneider, Jana"]
[Black "Karibaev, Dimash"]
[Result "1-0"]
[WhiteElo "2163"]
[BlackElo "1460"]
[PlyCount "95"]
[EventDate "2018.11.25"]
[EventType "team-swiss"]
[EventRounds "9"]
[EventCountry "TUR"]
[SourceTitle "CBM 187 Extra"]
[Source "ChessBase"]
[SourceDate "2018.11.04"]
[SourceVersion "1"]
[SourceVersionDate "2018.11.04"]
[SourceQuality "1"]
[WhiteTeam "Germany"]
[BlackTeam "Kazakhstan Karaganda"]
[WhiteTeamCountry "GER"]
[BlackTeamCountry "KAZ"]

1. e4 e6 2. d4 d5 3. Nd2 Nf6 4. e5 Nfd7 5. Bd3 c5 6. c3 Qb6 7. Ne2 Nc6 8. Nf3 cxd4 9. cxd4 Bb4+ 10. Bd2 Bxd2+ 11. Qxd2 Qb4 12. Rc1 Qxd2+ 13. Kxd2 Nb6 14. b3 Bd7 15. Ne1 a5 16. a4 Nb4 17. f4 Rc8 18. Nc3 0-0 19. Be2 Rc7 20. g4 Rfc8 21. Nf3 Be8 22. h4 Nd7 23. h5 f6 24. Rhg1 fxe5 25. fxe5 Nf8 26. Rgf1 h6 27. Nh4 Rf7 28. Rxf7 Kxf7 29. Ng2 Nh7 30. Nf4 Ng5 31. Ng6 Bc6 32. Nb5 Ne4+ 33. Ke3 Re8 34. Nc7 Kg8 35. Nxe8 Bxe8 36. Rc8 Kf7 37. Rc7+ Kg8 38. Nf4 Bf7 39. Bb5 b6 40. Bd7 Ng5 41. Rc8+ Kh7 42. Be8 Nc2+ 43. Kd3 Nb4+ 44. Ke2 Bxe8 45. Rxe8 Nc6 46. Ng6 Nf7 47. Kd2 Nb4 48. Rf8 1-0

[Event "World ol U16"]
[Site "Konya"]
[Date "2018.11.26"]
[Round "3.20"]
[White "Karibaev, Dimash"]
[Black "Asavasaetakul, Chawit"]
[Result "1-0"]
[WhiteElo "1460"]
[BlackElo "1656"]
[PlyCount "47"]
[EventDate "2018.11.25"]
[EventType "team-swiss"]
[EventRounds "9"]
[EventCountry "TUR"]
[SourceTitle "CBM 187 Extra"]
[Source "ChessBase"]
[SourceDate "2018.11.04"]
[SourceVersion "1"]
[SourceVersionDate "2018.11.04"]
[SourceQuality "1"]
[WhiteTeam "Kazakhstan Karaganda"]
[BlackTeam "Thailand"]
[WhiteTeamCountry "KAZ"]
[BlackTeamCountry "THA"]

1. c4 e5 2. Nc3 Nc6 3. d3 Bb4 4. e4 d6 5. Be2 Nge7 6. f4 f5 7. Nf3 0-0 8. 0-0 exf4 9. Nd5 fxe4 10. dxe4 Bc5+ 11. Kh1 Ng6 12. Bd2 Be6 13. Bc3 a5 14. Nd2 Nb8 15. Bg4 Bxd5 16. exd5 Nd7 17. Be6+ Kh8 18. Ne4 Bb6 19. Rf3 Nc5 20. Nxc5 Bxc5 21. Rh3 Qg5 22. Rh5 Qe7 23. Rxh7+ Kxh7 24. Qh5# 1-0